| 000 | 00369nam a22001457a 4500 | ||
|---|---|---|---|
| 003 | OSt | ||
| 005 | 20160719114218.0 | ||
| 008 | 160719b xxu||||| |||| 00| 0 eng d | ||
| 020 | _a9780816061730 | ||
| 040 | _cN/A | ||
| 100 | _aYoung Lisa | ||
| 245 |
_aRobert Ballard _bExplorer archaeologist |
||
| 260 |
_aNew York _bChelsea house publishers _c2009 |
||
| 942 |
_2lcc _cBK |
||
| 999 |
_c254781 _d254780 |
||